Statistiken für Städte und Gemeinden im Landkreis Breisgau-Hochschwarzwald

Klicken Sie hier um das Quiz zu spielen!

Allgemein

  • Dieses Quiz wurde 109 mal gespielt
  • Das Durchschnittsergebnis liegt bei 21 aus 50

Antwortstatistiken

EinwohnerAntwort% Korrekt
11.795Titisee-Neustadt
84%
14.464Breisach am Rhein
73%
2.446Hinterzarten
70%
9.758Kirchzarten
68%
1.845Feldberg (Schwarzwald)
66%
11.226Gundelfingen
64%
17.448Bad Krozingen
61%
1.370Au
57%
5.968Heitersheim
57%
2.361Schluchsee
55%
7.596Staufen im Breisgau
55%
18.454Müllheim
54%
11.719Neuenburg am Rhein
54%
5.240Umkirch
52%
4.990Merzhausen
50%
1.828St. Märgen
50%
2.660Auggen
48%
6.054Schallstadt
48%
4.818Lenzkirch
46%
7.459Löffingen
46%
2.535St. Peter
46%
2.821Oberried
45%
1.410Wittnau
45%
5.890Ihringen
43%
2.311Ballrechten-Dottingen
41%
2.780Gottenheim
41%
3.962Buggingen
39%
4.999Münstertal/Schwarzwald
39%
3.116Buchenbach
38%
4.608Hartheim
38%
8.748March
38%
1.120Horben
36%
2.773Ebringen
34%
2.558Merdingen
34%
4.004Badenweiler
32%
3.134Glottertal
32%
1.235Sölden
32%
4.391Stegen
32%
2.625Sulzburg
32%
2.512Pfaffenweiler
30%
2.221Bollschweil
29%
5.337Bötzingen
29%
7.136Ehrenkirchen
29%
2.099Eisenbach (Hochschwarzwald)
29%
2.368Eschbach
27%
5.808Vogtsburg im Kaiserstuhl
27%
3.446Eichstetten am Kaiserstuhl
18%
1.086Heuweiler
13%
1.703Breitenau
9%
1.911Friedenweiler
9%

Verteilung der Resultate

Perzentil nach korrekt beantworteten Fragen

Anzahl Personen mit jedem Resultat

Ihre Resultats-Entwicklung

Sie haben dieses Quiz noch nicht gespielt